01487nam a2200325 a 4500001001000000003000500010005001700015008004100032010001100073011001100084040000900095090001000104100004400114245026800158260004100426500006000467502008700527590004000614590004000654650003800694650003300732650003200765856007000797901000700867942001000874942000600884999001900890952012400909952012801033000113552CHAP20220329144401.0170802s2016 mx a fsm |||||||spa d a110013 a110985 cCHAP aTesis1 aHernández López, Surisaddai913294810aEstudio de caso del cultivo y aprovechamiento de tres especies de bambú (Guadua angustifolia Kunt., Guadua aculeata Rupr., y Bambusa oldhamii Munro) en la comunidad de Coapal Chico, San José Acateno, Puebla /h[En línea]cpor Surisaddai Hernández López. aChapingo, Méx. :bEl autor,c2016. aPara ver el contenido del material haga clic en la liga aTesis (Ing. en Restauración Forestal) -- UACH. División de Ciencias Forestales aE6096MTMb05c20170802lUCH01h1436 aE6096MTMb05c20170802lUCH01h143814aBambúxAprovechamiento.912630514aBambúxVariedades.913295414aCultivos tropicales.930383 aFinding aiduhttp://10.13.5.2/tesis/sist113552.pdfzTeclea aquí aBK cTESIS n0 c110013d110013 00104054718TESISaBCbBCd2017-08-02fTESISl0p113554-10r2019-12-31 00:00:00w2019-12-31yTESISzRecien adquirido 00102local4053708TESISaBCbBCcPA_TESISd2017-08-02fTESISl0p113554-20r2019-12-31 00:00:00tc.2w2019-12-31yTESIS